000 02209nam a2200325 i 4500
999 _c36255
_d36255
001 RU\SPSTU\books\229699
005 20200115111511.0
008 061117s1982 ru a e 000 zyrus u
040 _c19013582
_d19013582
_ePSBO
_eRCR
041 1 _arus
_hger
080 _a737(038) Ф-42
084 _2rubbk
_a63.221я2
100 1 _aФенглер Х.
_qХайнц
_96116
245 1 _aСловарь нумизмата /
_cХ. Фенглер, Г. Гироу, В. Унгер;[пер. с нем. М. Г. Арсеньева].
264 _aМ.:
_bРадио и связь,
_c1982.
300 _a327, [1] с.:
_bил.;
_c25 см.
500 _aДоп. тит. л. на нем. яз.
520 _aКнига подготовлена известными коллекционерами ГДР. В ней излага­ются основные сведения о монетах, медалях, бонах и бумажных денеж­ных знаках, которые заинтерисуют коллекционеров. Сообщаются сведения о чеканке монет и их обращении. Включены статьи о наиболее известных нумизматах и медальерах, содержатся биографические данные, а также пе­речень их основных трудов. Иллюстрации в тексте, изображающие монеты и медали, представляют ценность как дополнительный источник информа­ции. Для широкого круга коллекционеров.
653 _aნუმიზმატიკა
653 _aლექსიკონი
700 1 _aГироу Г.
_qГерхард
_96117
700 1 _aУнгер В.
_qВилли
_96118
700 1 _4730
_aАрсеньев М. Г.
_96119
852 _a19013582
852 _a19013582
_bОХЛ
_hББК 63
_iФ42
_p11880
_t1
_u3,20
852 _a19013582
_bОНЛ
_h63.221я2
_iФ42
_p5801253
_t1
_u3,20
852 _a19013582
_bУПК
_hББК 63.2
_iФ42
_p130288
_t1
_u3,20
852 _a19013582
_bУПК
_hББК 63.2
_iФ42
_p130289
_t1
_u3,20
942 _2udc
_cBK